| 000 | 00586nam a2200181 a 4500 | ||
|---|---|---|---|
| 005 | 20141204120827.0 | ||
| 008 | 140127b2006 ck ||||| |||| 00| 0 spa d | ||
| 040 | _cCO-BoIH | ||
| 041 | _aspa | ||
| 044 | _ack | ||
| 090 |
_aIAVH _b00534 |
||
| 100 |
_aBeltrán Sánchez, Eduard Andrés _95159 |
||
| 245 | _aProcesos de configuración territorial en el área de influencia del Parque Nacional Natural Tuparro | ||
| 260 |
_aBogotá _bCOLCIENCIAS _bInstituto Alexander von Humboldt _bUniversidad Nacional de Colombia _c2006 |
||
| 300 | _a72 p. | ||
| 942 |
_cINFORME _2z |
||
| 945 | _d2006-09-28 | ||
| 999 |
_c5300 _d5300 |
||